000 01126nam a22002537a 4500
003 OSt
005 20230823093252.0
008 221006b |||||||| |||| 00| 0 eng d
040 _cBiblioteca Lado V
082 _a306.440.89
_bL374c
100 _9958
_aLaughlin, Nicholas
_eeditor
245 _aCaribbean Beat/
260 _c2012
_bCaribbean Airlines
_aEspaña
300 _c21x28cm
_a96p.
505 _aDATEBOOK WORD OF MOUTH UP NEXT THE LOOK BOOKSHELF COOKUP
_tEMBARK
505 _aALL THE RIGHT MOVES A WORLD TO CHANGE FAMILY TIES "I WANT TO WRITE POETRY THAT IS ALIVE" TIME WILL TELL
_tIMMERSE
505 _aLONDON IS THE PLACE THE HOLES IN HISTORY UNLIKELY ISLAND
_tARRIVE
505 _aTHE RIGHT TO READ RIVER OF BLOOD PUZZLES ONBOARD ENTERTAIMENT READER´S CHOICE AWARDS
_tENGAGE
650 _2Tesauro de Arte & Arquitectura
_aARTE
650 _2Tesauro de Arte & Arquitectura
_aCULTURA
_9702
650 _2Tesauro de Arte & Arquitectura
_aHISTORIA
651 _2Tesauro de Arte & Arquitectura
_aCARIBE
942 _2ddc
_c1
_h306.440.89
_iL374c
_n0
999 _c4180
_d4180